| 000 | 00648cam a2200205 a 4500 | ||
|---|---|---|---|
| 001 | 000010899 | ||
| 005 | 20200929162320.0 | ||
| 008 | 000512s1999 ve a b 001 0 spa | ||
| 020 | _a9806397886 | ||
| 040 |
_aDO-SdBNP _cDLC _dDLC _dBPHU |
||
| 082 |
_a581.634 _bG913p |
||
| 100 | 1 |
_aGuánchez, Francisco. _926280 |
|
| 245 | 1 | 0 |
_aPlantas amazónicas de uso medicinal y mágico / _cFrancisco J. Guánchez. |
| 260 |
_aVenezuela : _bFundacion Polar, _c1999. |
||
| 300 |
_a155 p. : _bil. ; _c30 cm. |
||
| 504 | _aIncluye referencias bibliográficas. | ||
| 650 | 4 |
_aPlantas medicinales _921554 |
|
| 910 | _aCatalogación por copia / LC | ||
| 049 | _aBNGR | ||
| 999 |
_c10638 _d10638 |
||